The Simpsons-Character Quiz Level 27 - Statistics

General Stats
  • This quiz has been taken 8 times
    3 since last reset
  • The average score is 6 of 16
Answer Stats
Picture Answer % Correct
Colin
100%
Funzo
67%
Milhoose
67%
Pepi
67%
Cocoa Beanie
33%
Digby Diggs
33%
Edwina
33%
Llewellyn Sinclair
33%
Lois Pennycandy
33%
Lombardo
33%
Mrs. Scratchy
33%
Ms. Sinclair
33%
Peta
33%
Tom
33%
Johnny Stabbo
0%
Nina Skalka
0%
No matching quizzes found
Score Distribution
Percent of People with Each Score
Percentile by Number Answered
Your Score History
You have not taken this quiz since the last reset